[Event "Fagernes International 2022"]
[Site "Fagernes"]
[Date "2022.04.15"]
[Round "7.20"]
[White "Shehzad, Alina"]
[Black "Ji, Jiabao Eivind"]
[Result "0-1"]
[WhiteElo "1330"]
[BlackElo "1437"]
[Annotator "NA RC"]
[PlyCount "96"]
[EventDate "2022.04.10"]
[EventCountry "NOR"]
[SourceTitle "playchess.com"]
[Source "ChessBase"]
[SourceQuality "1"]

1. e4 {[%emt 0:00:02]} e6 {[%emt 0:00:23]} 2. d4 {[%emt 0:00:14]} d5 {[%emt 0:00:06]} 3. exd5 {[%emt 0:00:31]} exd5 {[%emt 0:00:06]} 4. Nf3 {[%emt 0:00:54]} Nf6 {[%emt 0:00:46]} 5. Bb5+ {[%emt 0:02:04]} c6 {[%emt 0:00:59]} 6. Bd3 {[%emt 0:01:18]} h6 {[%emt 0:03:50]} 7. h3 {[%emt 0:03:52]} Bd6 {[%emt 0:02:27]} 8. O-O {[%emt 0:02:36]} O-O {[%emt 0:00:16]} 9. Nc3 {[%emt 0:00:27]} Re8 {[%emt 0:03:48]} 10. Re1 {[%emt 0:02:32]} Rxe1+ {[%emt 0:01:14]} 11. Qxe1 {[%emt 0:00:43]} Be6 {[%emt 0:02:25]} 12. Be3 {[%emt 0:01:58]} Nbd7 {[%emt 0:02:33]} 13. Qd2 {[%emt 0:03:32]} b5 {[%emt 0:05:05]} 14. a3 {[%emt 0:11:32]} a5 {[%emt 0:01:11]} 15. Ne2 {[%emt 0:06:58]} Ne4 {[%emt 0:00:45]} 16. Bxe4 {[%emt 0:02:31]} dxe4 {[%emt 0:00:07]} 17. Nh2 {[%emt 0:02:30]} f5 {[%emt 0:03:36]} 18. f3 {[%emt 0:09:19]} Nf6 {[%emt 0:03:01]} 19. Bf4 {[%emt 0:09:49]} Be7 {[%emt 0:04:00]} 20. Rd1 {[%emt 0:14:34]} Kf7 {[%emt 0:08:00]} 21. b4 {[%emt 0:06:29]} axb4 {[%emt 0:00:43]} 22. axb4 {[%emt 0:00:12]} g5 {[%emt 0:00:34]} 23. Be5 {[%emt 0:01:35]} Ra4 {[%emt 0:02:57]} 24. c3 {[%emt 0:02:38]} Ra2 25. Qe1 {[%emt 0:00:40]} exf3 {[%emt 0:02:31]} 26. Nxf3 {[%emt 0:01:24]} Qd5 {[%emt 0:07:07]} 27. Ra1 {[%emt 0:03:30]} Rxa1 {[%emt 0:00:36]} 28. Qxa1 {[%emt 0:00:11]} f4 {[%emt 0:01:33]} 29. Nc1 {[%emt 0:07:18]} Bxh3 {[%emt 0:03:28]} 30. Qa2 {[%emt 0:08:20]} Qxa2 {[%emt 0:00:57]} 31. Nxa2 {[%emt 0:00:06]} Be6 {[%emt 0:00:05]} 32. Nc1 {[%emt 0:00:15]} Ne4 {[%emt 0:00:12]} 33. Ne2 {[%emt 0:01:43]} Bc4 {[%emt 0:00:09]} 34. Nc1 {[%emt 0:02:10]} Nxc3 {[%emt 0:00:25]} 35. Nd2 {[%emt 0:01:15]} Bxb4 {[%emt 0:00:41]} 36. Nxc4 {[%emt 0:00:06]} bxc4 {[%emt 0:00:09]} 37. Kf2 {[%emt 0:01:20]} Ba3 {[%emt 0:00:08]} 38. Ne2 {[%emt 0:00:16]} Nxe2 {[%emt 0:00:10]} 39. Kxe2 {[%emt 0:00:06]} Bb2 {[%emt 0:00:15]} 40. Kd2 {[%emt 0:02:15]} c5 {[%emt 0:00:13]} 41. Kc2 {[%emt 0:00:35]} Bxd4 {[%emt 0:00:09]} 42. Bxd4 {[%emt 0:00:10]} cxd4 {[%emt 0:00:19]} 43. Kd2 {[%emt 0:00:22]} c3+ {[%emt 0:00:07]} 44. Kd3 {[%emt 0:00:05]} Ke6 {[%emt 0:00:15]} 45. Kc2 {[%emt 0:01:15]} g4 {[%emt 0:00:07]} 46. Kd3 {[%emt 0:00:31]} f3 {[%emt 0:00:07]} 47. g3 {[%emt 0:00:19]} f2 {[%emt 0:00:06]} 48. Ke2 {[%emt 0:00:03]} c2 {[%emt 0:00:21]} 0-1

[Event "Fagernes International 2022"]
[Site "Fagernes"]
[Date "2022.04.16"]
[Round "8.1"]
[White "Myagmarsuren, Evsuld"]
[Black "Johannessen, Heine N"]
[Result "1/2-1/2"]
[WhiteElo "1858"]
[BlackElo "1928"]
[Annotator "TA"]
[PlyCount "91"]
[EventDate "2022.04.10"]
[EventCountry "NOR"]
[SourceTitle "playchess.com"]
[Source "ChessBase"]
[SourceQuality "1"]

{[%evp 26,91,25,25,173,176,170,116,114,129,202,231,231,211,264,269,265,235,262,260,246,239,229,208,200,198,326,333,321,302,264,209,209,144,147,39,76,65,77,76,84,70,116,67,116,108,115,115,227,70,76,72,94,35,29,29,29,0,0,0,32,34,30,0,9,0,0,0]} 1. e4 {[%emt 0:00:01]} c5 {[%emt 0:00:41]} 2. Nf3 {[%emt 0:00:12]} Nc6 {[%emt 0:00:46]} 3. d4 {[%emt 0:00:11]} cxd4 {[%emt 0:01:02]} 4. Nxd4 {[%emt 0:00:09]} g6 {[%emt 0:01:10]} 5. c4 {[%emt 0:01:08]} Nf6 {[%emt 0:01:48]} 6. Nc3 {[%emt 0:00:09]} Nxd4 {[%emt 0:01:15]} 7. Qxd4 {[%emt 0:00:08]} d6 {[%emt 0:00:12]} 8. Be2 {[%emt 0:01:36]} Bg7 {[%emt 0:01:59]} 9. Be3 {[%emt 0:03:10]} O-O {[%emt 0:01:12]} 10. Qd2 {[%emt 0:00:29]} Be6 {[%emt 0:05:44]} 11. O-O {[%emt 0:03:15]} Qa5 {[%emt 0:01:38]} 12. Rac1 {[%emt 0:04:32]} Rfc8 {[%emt 0:01:04]} 13. b3 {[%emt 0:02:48]} a6 {[%emt 0:11:28]} 14. Bf3 {[%emt 0:11:31][%cal Oe4e5]} Ng4 {[%emt 0:23:10] B36: Sicilian: Maroczy Bind: Gurgenidze System.} (14... Rab8) (14... Rab8 $11 {and Black has nothing to worry.}) 15. Bxg4 $18 {[%emt 0:09:31]} Bxc3 {[%emt 0:07:04] [#]} 16. Rxc3 $146 {[%emt 0:07:03]} ({Predecessor:} 16. Qxc3 Qxc3 17. Rxc3 {½-½ (17) Prediger,R (2255)-Jergler,K (2223) Fuerth 1999}) 16... Bxg4 {[%emt 0:00:08] White is better.} 17. f4 {[%emt 0:01:17][%cal Bf2f4,Bf4f5][%mdl 32] And now f5! would win.} Bd7 {[%emt 0:06:26] [#] Inhibits f5.} (17... f6 $16 {was worth a try.}) 18. f5 $1 {[%emt 0:05:19]} f6 {[%emt 0:01:49]} 19. Bd4 {[%emt 0:03:37]} g5 {[%emt 0:09:36] [#]} 20. h4 $1 {[%emt 0:02:30]} g4 {[%emt 0:05:58]} 21. Qh6 {[%emt 0:04:57]} Qd8 {[%emt 0:00:34]} 22. Rf4 {[%emt 0:04:32]} Qf8 {[%emt 0:00:43]} 23. Rxg4+ {[%emt 0:01:14]} Kh8 {[%emt 0:00:03]} 24. Qh5 {[%emt 0:02:34] Rcg3 is the strong threat.} Be8 {[%emt 0:01:21]} 25. Qg5 {[%emt 0:00:07]} h6 {[%emt 0:01:46]} (25... h5 $142) 26. Qf4 {[%emt 0:02:31] Threatens to win with Rcg3.} h5 {[%emt 0:01:27]} 27. Rgg3 {[%emt 0:05:25]} Kh7 {[%emt 0:00:17]} 28. a4 {[%emt 0:01:34]} Qh6 {[%emt 0:01:17]} 29. Qxh6+ {[%emt 0:04:09]} Kxh6 {[%emt 0:00:02]} 30. Rg8 {[%emt 0:00:25] 0x0.0007b50ee5dadp-1022s more active pieces.} (30. c5 $16 {aiming for cxd6.} dxc5 31. Bxc5 (31. Rxc5 Bc6 $16)) 30... Bf7 {[%emt 0:01:24]} 31. Rxc8 {[%emt 0:00:12]} Rxc8 $16 {[%emt 0:00:03][%mdl 4096] Endgame KRB-KRB} 32. Kf2 {[%emt 0:01:22]} Kg7 {[%emt 0:03:30]} 33. Rg3+ {[%emt 0:00:34]} Kf8 {[%emt 0:00:19]} (33... Kh7 $14) 34. Ke3 {[%emt 0:00:34]} ({White should play} 34. Kf3 $16) 34... Ke8 {[%emt 0:07:23]} (34... Be8 $1 $14) 35. Kd3 {[%emt 0:00:57]} Kd7 {[%emt 0:02:43]} 36. Rg7 {[%emt 0:01:15]} Ke8 {[%emt 0:00:29]} (36... Rf8 $16 {is a better defense.} 37. Rh7 Ke8) 37. Be3 $2 {[%emt 0:03:25]} (37. Rh7 $18) 37... Kf8 $14 {[%emt 0:02:11]} 38. Bh6 {[%emt 0:01:03]} b5 {[%emt 0:01:15]} 39. axb5 {[%emt 0:01:41]} (39. cxb5 $16 axb5 40. g4 (40. axb5 Rb8 $14)) 39... axb5 {[%emt 0:00:09]} 40. cxb5 {[%emt 0:01:31] Hoping for b6.} Rb8 {[%emt 0:03:56]} 41. Rh7+ {[%emt 0:02:23]} Kg8 {[%emt 0:01:24]} 42. Rg7+ {[%emt 0:01:19]} Kf8 {[%emt 0:00:05]} 43. b4 {[%emt 0:03:14]} Rxb5 {[%emt 0:00:56]} 44. Rg3+ {[%emt 0:01:31]} Ke8 {[%emt 0:00:23]} 45. Bd2 {[%emt 0:00:08]} d5 {[%emt 0:01:15]} 46. Kd4 {[%emt 0:05:16] Weighted Error Value: White=0.22 (precise) /Black=0.23 (precise)} 1/2-1/2

[Event "Fagernes International 2022"]
[Site "Fagernes"]
[Date "2022.04.16"]
[Round "8.2"]
[White "Amundsen, Ask"]
[Black "Galinsky, Misha"]
[Result "1-0"]
[WhiteElo "1819"]
[BlackElo "1744"]
[Annotator "NA RC"]
[PlyCount "61"]
[EventDate "2022.04.10"]
[EventCountry "NOR"]
[SourceTitle "playchess.com"]
[Source "ChessBase"]
[SourceQuality "1"]

1. e4 {[%emt 0:00:03]} e5 {[%emt 0:00:25]} 2. Nf3 {[%emt 0:00:11]} Nc6 {[%emt 0:00:24]} 3. Bc4 {[%emt 0:00:20]} Nf6 {[%emt 0:00:49]} 4. d3 {[%emt 0:01:29]} Bc5 {[%emt 0:01:55]} 5. c3 {[%emt 0:00:16]} h6 {[%emt 0:03:14]} 6. a4 {[%emt 0:00:52]} a5 {[%emt 0:05:08]} 7. Nbd2 {[%emt 0:02:11]} d6 {[%emt 0:01:52]} 8. O-O {[%emt 0:01:34]} Qe7 {[%emt 0:03:55]} 9. Re1 {[%emt 0:01:39]} Bg4 {[%emt 0:02:33]} 10. Nf1 {[%emt 0:01:36]} O-O {[%emt 0:12:53]} 11. h3 {[%emt 0:05:31]} Be6 {[%emt 0:03:50]} 12. Bb3 {[%emt 0:06:39]} Bxb3 {[%emt 0:06:33]} 13. Qxb3 {[%emt 0:00:18]} Qd7 {[%emt 0:01:18]} 14. Ng3 {[%emt 0:15:55]} Kh7 {[%emt 0:06:31]} 15. d4 {[%emt 0:09:40]} Bb6 {[%emt 0:13:37]} 16. Qc2 {[%emt 0:08:56]} g6 {[%emt 0:07:35]} 17. Qd2 {[%emt 0:07:50]} exd4 {[%emt 0:05:07]} 18. Qxh6+ {[%emt 0:15:23]} Kg8 {[%emt 0:00:10]} 19. Nf5 {[%emt 0:12:15]} gxf5 {[%emt 0:03:33]} 20. Qg5+ {[%emt 0:00:17]} Kh7 {[%emt 0:14:39]} 21. Qxf6 {[%emt 0:00:22]} Rae8 {[%emt 0:07:35]} 22. Bh6 {[%emt 0:02:13]} Rg8 {[%emt 0:00:10]} 23. Ng5+ {[%emt 0:01:21]} Rxg5 {[%emt 0:00:03]} 24. Qxg5 {[%emt 0:00:47]} f6 {[%emt 0:02:00]} 25. Qh5 {[%emt 0:00:45]} fxe4 {[%emt 0:01:35]} 26. Bg5+ {[%emt 0:00:24]} Kg7 {[%emt 0:01:22]} 27. Qh6+ {[%emt 0:00:11]} Kg8 {[%emt 0:00:17]} 28. Qg6+ {[%emt 0:00:19]} Kf8 {[%emt 0:01:52]} 29. Bh6+ {[%emt 0:01:45]} Ke7 {[%emt 0:00:07]} 30. Rxe4+ {[%emt 0:00:09]} Ne5 {[%emt 0:00:57]} 31. cxd4 {[%emt 0:01:09]} 1-0

[Event "Fagernes International 2022"]
[Site "Fagernes"]
[Date "2022.04.16"]
[Round "8.3"]
[White "Reinhardt, Johannes"]
[Black "Fiskaaen, Martin Holten"]
[Result "0-1"]
[WhiteElo "1893"]
[BlackElo "1880"]
[Annotator "NA RC"]
[PlyCount "66"]
[EventDate "2022.04.10"]
[EventCountry "NOR"]
[SourceTitle "playchess.com"]
[Source "ChessBase"]
[SourceQuality "1"]

1. e4 {[%emt 0:00:16]} c5 {[%emt 0:00:05]} 2. Nf3 {[%emt 0:00:06]} d6 {[%emt 0:00:07]} 3. d4 {[%emt 0:00:04]} cxd4 {[%emt 0:00:06]} 4. Nxd4 {[%emt 0:00:04]} Nf6 {[%emt 0:00:08]} 5. Nc3 {[%emt 0:00:04]} Nc6 {[%emt 0:00:06]} 6. Bg5 {[%emt 0:00:38]} e6 {[%emt 0:00:08]} 7. Qd2 {[%emt 0:00:11]} a6 {[%emt 0:00:07]} 8. O-O-O {[%emt 0:00:31]} Bd7 {[%emt 0:00:05]} 9. f4 {[%emt 0:00:30]} Be7 {[%emt 0:00:06]} 10. Nf3 {[%emt 0:02:19]} b5 {[%emt 0:00:25]} 11. Bxf6 {[%emt 0:02:27]} gxf6 {[%emt 0:00:09]} 12. f5 {[%emt 0:08:51]} Qb6 {[%emt 0:00:09]} 13. fxe6 {[%emt 0:16:49]} fxe6 {[%emt 0:00:14]} 14. Ne2 {[%emt 0:01:57]} O-O-O {[%emt 0:06:13]} 15. h4 {[%emt 0:02:50]} Kb8 {[%emt 0:02:39]} 16. Ned4 {[%emt 0:02:35]} e5 {[%emt 0:11:06]} 17. Ne2 {[%emt 0:11:28]} b4 {[%emt 0:08:28]} 18. Qd5 {[%emt 0:04:51]} Rhg8 {[%emt 0:09:47]} 19. Kb1 {[%emt 0:04:14]} f5 {[%emt 0:12:23]} 20. Nd2 {[%emt 0:10:31] [#]} Qa5 {[%emt 0:07:44]} (20... fxe4 $1 $17 21. Qxe4 Rdf8) 21. Qb3 {[%emt 0:06:20]} Qc5 {[%emt 0:07:47]} 22. c3 {[%emt 0:04:18]} ({Better is} 22. a3 $15) 22... fxe4 {[%emt 0:03:13]} 23. cxb4 {[%emt 0:02:32]} Qxb4 {[%emt 0:01:06]} 24. Qd5 {[%emt 0:03:52]} Qa5 {[%emt 0:06:24]} (24... Qb7 $17 25. Nc3 Rg6) 25. Qxe4 $2 {[%emt 0:04:31]} (25. Nc3 $15) 25... d5 $19 {[%emt 0:00:47]} ({Weaker is} 25... Nb4 26. a3 Nd5 27. Nc4 $17) 26. Qxh7 {[%emt 0:05:10]} Rdf8 {[%emt 0:01:18]} 27. Nb3 {[%emt 0:01:05]} Qc7 {[%emt 0:05:03]} 28. Ka1 {[%emt 0:01:50]} Bf5 {[%emt 0:01:26]} 29. Qh6 {[%emt 0:00:45]} Nb4 {[%emt 0:00:33]} 30. Rc1 {[%emt 0:00:16]} Nc2+ {[%emt 0:00:51]} 31. Kb1 {[%emt 0:00:09]} Nd4+ {[%emt 0:00:15]} 32. Ka1 {[%emt 0:00:07]} Nxb3+ {[%emt 0:00:08]} 33. axb3 {[%emt 0:00:10]} Qa5# {[%emt 0:00:06]} 0-1

[Event "Fagernes International 2022"]
[Site "Fagernes"]
[Date "2022.04.16"]
[Round "8.4"]
[White "Ostensen, Nicolai Maxime"]
[Black "Pedersen, Max Moe"]
[Result "1-0"]
[WhiteElo "1728"]
[BlackElo "1933"]
[Annotator "RC"]
[PlyCount "83"]
[EventDate "2022.04.10"]
[EventCountry "NOR"]
[SourceTitle "playchess.com"]
[Source "ChessBase"]
[SourceQuality "1"]

1. c4 {[%emt 0:00:03]} c6 {[%emt 0:00:06]} 2. Nc3 {[%emt 0:00:04]} d5 {[%emt 0:00:05]} 3. e3 {[%emt 0:00:04]} Nf6 {[%emt 0:00:07]} 4. Nf3 {[%emt 0:00:07]} e6 {[%emt 0:00:05]} 5. d4 {[%emt 0:03:05]} Nbd7 {[%emt 0:00:05]} 6. Bd3 {[%emt 0:01:20]} dxc4 {[%emt 0:00:06]} 7. Bxc4 {[%emt 0:00:04]} b5 {[%emt 0:00:05]} 8. Bd3 {[%emt 0:01:31]} Bd6 {[%emt 0:00:06]} 9. O-O {[%emt 0:00:24]} O-O {[%emt 0:00:16]} 10. e4 {[%emt 0:02:35]} e5 {[%emt 0:00:12]} 11. h3 {[%emt 0:10:49]} a6 {[%emt 0:19:15]} 12. Bg5 {[%emt 0:02:51]} c5 {[%emt 0:11:47]} 13. dxc5 {[%emt 0:01:16]} Nxc5 {[%emt 0:02:03]} 14. Bc2 {[%emt 0:00:48]} Ne6 {[%emt 0:04:04]} 15. Bxf6 {[%emt 0:01:09]} gxf6 {[%emt 0:00:09]} 16. Nd5 {[%emt 0:00:16]} Bc5 {[%emt 0:13:51]} 17. Qd2 {[%emt 0:01:51]} Ng5 {[%emt 0:09:52]} 18. Nxf6+ {[%emt 0:02:44]} Qxf6 {[%emt 0:00:11]} 19. Qxg5+ {[%emt 0:00:28]} Qxg5 {[%emt 0:00:09]} 20. Nxg5 {[%emt 0:00:04]} f6 {[%emt 0:04:07]} 21. Bb3+ {[%emt 0:00:32]} Kg7 {[%emt 0:00:11]} 22. Nf3 {[%emt 0:06:37]} Bb7 {[%emt 0:01:03]} 23. Rac1 {[%emt 0:01:05]} Bb6 {[%emt 0:00:52]} 24. Bd5 {[%emt 0:00:55]} Bxd5 {[%emt 0:00:48]} 25. exd5 {[%emt 0:01:37]} e4 {[%emt 0:01:55]} 26. Nh4 {[%emt 0:02:29]} f5 {[%emt 0:01:49]} 27. Rc6 {[%emt 0:13:56]} Bd8 {[%emt 0:02:18]} 28. g3 {[%emt 0:00:18]} Bxh4 {[%emt 0:00:10]} 29. gxh4 {[%emt 0:00:05]} Rfd8 {[%emt 0:04:37]} 30. Rd1 {[%emt 0:01:09]} Rd7 {[%emt 0:01:48]} 31. Kg2 {[%emt 0:01:06]} Kf7 {[%emt 0:01:31]} 32. Kg3 {[%emt 0:00:46]} Rg8+ {[%emt 0:03:55]} 33. Kf4 {[%emt 0:02:03]} Rg2 {[%emt 0:01:14]} 34. Rd2 {[%emt 0:00:41]} Rg6 {[%emt 0:01:27]} 35. Rxg6 {[%emt 0:01:24]} hxg6 {[%emt 0:00:12]} 36. Ke5 {[%emt 0:00:18]} Re7+ {[%emt 0:10:53]} 37. Kd6 {[%emt 0:01:43]} f4 {[%emt 0:02:09]} 38. Kc6 {[%emt 0:01:04]} f3 {[%emt 0:01:09]} 39. d6 {[%emt 0:00:53]} e3 {[%emt 0:00:49]} 40. fxe3 {[%emt 0:00:54]} Rxe3 {[%emt 0:00:32]} 41. d7 {[%emt 0:00:22]} Re6+ {[%emt 0:00:16]} 42. Kc7 {[%emt 0:00:20]} 1-0

[Event "Fagernes International 2022"]
[Site "Fagernes"]
[Date "2022.04.16"]
[Round "8.5"]
[White "Rynning, Rune Kleiven"]
[Black "Lund, Terje"]
[Result "0-1"]
[WhiteElo "1694"]
[BlackElo "2020"]
[Annotator "NA RC"]
[PlyCount "60"]
[EventDate "2022.04.10"]
[EventCountry "NOR"]
[SourceTitle "playchess.com"]
[Source "ChessBase"]
[SourceQuality "1"]

1. e4 c6 {[%emt 0:00:11]} 2. d4 {[%emt 0:00:06]} d5 {[%emt 0:00:04]} 3. Nc3 {[%emt 0:00:07]} dxe4 {[%emt 0:00:22]} 4. Nxe4 {[%emt 0:00:09]} Nf6 {[%emt 0:00:03]} 5. Nxf6+ {[%emt 0:00:10]} exf6 {[%emt 0:00:01]} 6. c3 {[%emt 0:00:20]} Bd6 {[%emt 0:00:16]} 7. Bd3 {[%emt 0:00:10]} O-O {[%emt 0:00:19]} 8. Qc2 {[%emt 0:00:05]} Re8+ {[%emt 0:00:04]} 9. Ne2 {[%emt 0:00:09]} h5 {[%emt 0:00:49]} 10. Be3 {[%emt 0:00:07]} Nd7 {[%emt 0:00:27]} 11. O-O-O {[%emt 0:00:15]} Nf8 {[%emt 0:00:25]} 12. Kb1 {[%emt 0:00:47]} Be6 {[%emt 0:01:19]} 13. c4 {[%emt 0:00:35]} Rc8 {[%emt 0:08:56]} 14. Nc3 {[%emt 0:02:28]} a6 {[%emt 0:19:06]} 15. Ne4 {[%emt 0:08:34]} b5 {[%emt 0:05:30]} 16. c5 {[%emt 0:06:04]} Bb8 {[%emt 0:01:08]} 17. Ng3 {[%emt 0:13:04]} g6 {[%emt 0:01:38]} 18. Bh6 {[%emt 0:03:58]} f5 {[%emt 0:02:53]} 19. Ne2 {[%emt 0:17:25]} a5 {[%emt 0:07:37]} ({Black should play} 19... Qd5 $17 20. b3 Qxg2) 20. h3 {[%emt 0:02:58]} a4 {[%emt 0:05:21]} 21. Nf4 {[%emt 0:06:08]} Bxf4 {[%emt 0:02:10]} 22. Bxf4 {[%emt 0:00:21]} Qxd4 $17 {[%emt 0:05:56]} 23. Bh6 {[%emt 0:03:56]} Qf6 {[%emt 0:12:51]} 24. Bd2 {[%emt 0:10:30]} Qe5 {[%emt 0:04:07]} 25. b4 {[%emt 0:08:42]} axb3 {[%emt 0:00:44]} 26. axb3 {[%emt 0:00:24]} Ra8 {[%emt 0:05:22]} 27. Bc3 {[%emt 0:00:18]} Qxc5 {[%emt 0:00:32]} 28. Qb2 {[%emt 0:05:43]} Bxb3 {[%emt 0:06:43]} 29. Bh8 {[%emt 0:05:00]} Ne6 {[%emt 0:00:10]} 30. Rde1 {[%emt 0:01:29]} Ba2+ {[%emt 0:01:01]} 0-1

[Event "Fagernes International 2022"]
[Site "Fagernes"]
[Date "2022.04.16"]
[Round "8.6"]
[White "Vangen, David Luangtep"]
[Black "Flatebo, Hallvard Haug"]
[Result "1/2-1/2"]
[WhiteElo "1665"]
[BlackElo "1886"]
[Annotator "NA RC"]
[PlyCount "102"]
[EventDate "2022.04.10"]
[EventCountry "NOR"]
[SourceTitle "playchess.com"]
[Source "ChessBase"]
[SourceQuality "1"]

1. e4 {[%emt 0:00:09]} c5 {[%emt 0:00:05]} 2. b3 {[%emt 0:00:07]} e6 {[%emt 0:00:06]} 3. Bb2 {[%emt 0:00:54]} b6 {[%emt 0:00:07]} 4. Nc3 {[%emt 0:06:21]} Bb7 {[%emt 0:01:23]} 5. f4 {[%emt 0:13:23]} d6 {[%emt 0:03:48]} 6. Bb5+ {[%emt 0:00:38]} Nc6 {[%emt 0:00:16]} 7. Nf3 {[%emt 0:01:02]} Qc7 {[%emt 0:04:23]} 8. d3 {[%emt 0:00:38]} Nf6 {[%emt 0:01:22]} 9. Qd2 {[%emt 0:01:40]} Be7 {[%emt 0:03:51]} 10. O-O-O {[%emt 0:01:19]} a6 {[%emt 0:03:12]} 11. Bxc6+ {[%emt 0:00:19]} Bxc6 {[%emt 0:00:08]} 12. Rhe1 {[%emt 0:07:14]} O-O-O {[%emt 0:02:21]} ({Black should play} 12... d5 $15) 13. d4 {[%emt 0:11:38]} cxd4 {[%emt 0:01:28]} 14. Qxd4 {[%emt 0:03:41]} Kb7 {[%emt 0:07:21]} 15. Kb1 {[%emt 0:02:01]} Rd7 {[%emt 0:03:09]} 16. h3 {[%emt 0:11:02]} (16. g4 $14) 16... d5 {[%emt 0:07:46]} 17. Ne5 {[%emt 0:01:33]} Bc5 {[%emt 0:00:26]} 18. Qd2 {[%emt 0:01:20]} Rdd8 {[%emt 0:02:19]} 19. Nxc6 {[%emt 0:05:31]} Qxc6 {[%emt 0:00:09]} 20. exd5 {[%emt 0:00:19]} Nxd5 {[%emt 0:00:30]} 21. Nxd5 {[%emt 0:00:12]} Rxd5 {[%emt 0:00:04] [#]} 22. Qe2 $1 {[%emt 0:00:25]} Rxd1+ 23. Rxd1 f6 {[%emt 0:02:17] [#]} 24. g4 {[%emt 0:02:52]} ({Better is} 24. Qg4 $1 $16 {[%cal Rg4g7]} Rc8 25. Qxg7+ Rc7 26. Qg4 (26. Qxf6 Be7 $17)) 24... Re8 {[%emt 0:02:30]} 25. Qd3 {[%emt 0:01:47]} Re7 {[%emt 0:05:35]} 26. a3 {[%emt 0:10:09]} Rc7 {[%emt 0:03:15]} 27. Rd2 {[%emt 0:04:37]} ({Don't play} 27. Qxh7 Be3 $11) 27... h6 {[%emt 0:00:57]} 28. Ka2 {[%emt 0:05:36]} Be7 {[%emt 0:02:24]} 29. h4 {[%emt 0:02:54]} b5 {[%emt 0:05:08]} 30. h5 {[%emt 0:02:06]} Bc5 {[%emt 0:03:19]} 31. Kb1 {[%emt 0:06:40]} Bb6 {[%emt 0:01:03]} 32. Qe2 {[%emt 0:03:52]} Re7 {[%emt 0:00:32]} 33. Bd4 {[%emt 0:00:23]} Bc7 {[%emt 0:02:10]} 34. Qe3 {[%emt 0:00:55]} Rd7 {[%emt 0:02:58]} 35. c3 {[%emt 0:01:02]} e5 {[%emt 0:00:22]} 36. fxe5 {[%emt 0:01:42]} fxe5 {[%emt 0:00:07]} 37. Bxe5 {[%emt 0:01:18]} Rxd2 {[%emt 0:00:11]} 38. Qxd2 {[%emt 0:00:34]} Bxe5 {[%emt 0:00:06]} 39. Kc2 {[%emt 0:00:18]} Qe4+ {[%emt 0:00:18]} 40. Kb2 {[%emt 0:00:10]} Qxg4 {[%emt 0:00:13]} 41. Qd5+ {[%emt 0:00:04]} Kc8 {[%emt 0:04:19]} 42. Qxe5 {[%emt 0:00:07]} Qg2+ {[%emt 0:00:58]} 43. Kb1 {[%emt 0:00:35]} Qf1+ {[%emt 0:00:43]} 44. Kc2 {[%emt 0:00:57]} Qf7 $11 {[%emt 0:01:04]} 45. Qc5+ {[%emt 0:03:33]} Kb7 {[%emt 0:00:11]} 46. c4 {[%emt 0:00:42]} bxc4 {[%emt 0:01:15]} 47. bxc4 {[%emt 0:00:08]} g6 {[%emt 0:03:49]} 48. Qb4+ {[%emt 0:01:54]} Kc7 {[%emt 0:03:00]} 49. Qc5+ {[%emt 0:00:32]} Kb7 {[%emt 0:00:07]} 50. Qb4+ {[%emt 0:00:16]} Kc7 {[%emt 0:01:04]} 51. Qc5+ {[%emt 0:00:06]} Kb7 {[%emt 0:00:34]} 1/2-1/2

[Event "Fagernes International 2022"]
[Site "Fagernes"]
[Date "2022.04.16"]
[Round "8.7"]
[White "Stromhaug, Kristoffer Wang"]
[Black "Andersen, Martin K"]
[Result "1-0"]
[WhiteElo "1694"]
[BlackElo "1558"]
[Annotator "NA RC"]
[PlyCount "59"]
[EventDate "2022.04.10"]
[EventCountry "NOR"]
[SourceTitle "playchess.com"]
[Source "ChessBase"]
[SourceQuality "1"]

1. e4 {[%emt 0:00:04]} c6 {[%emt 0:00:05]} 2. d4 {[%emt 0:00:06]} d5 {[%emt 0:00:06]} 3. Nc3 {[%emt 0:00:05]} dxe4 {[%emt 0:00:07]} 4. Nxe4 {[%emt 0:00:13]} Nf6 {[%emt 0:00:05]} 5. Nxf6+ {[%emt 0:00:24]} exf6 {[%emt 0:00:06]} 6. c3 {[%emt 0:00:26]} Bd6 {[%emt 0:00:03]} 7. Bd3 {[%emt 0:01:49]} O-O {[%emt 0:01:33]} 8. Qc2 {[%emt 0:02:14]} Re8+ {[%emt 0:00:37]} 9. Ne2 {[%emt 0:00:06]} h5 {[%emt 0:00:43]} 10. Be3 {[%emt 0:02:45]} Be6 {[%emt 0:00:33]} 11. c4 {[%emt 0:10:16]} Qa5+ {[%emt 0:01:45]} 12. Nc3 {[%emt 0:01:07]} Bb4 {[%emt 0:00:15]} 13. O-O {[%emt 0:02:10]} Bxc3 {[%emt 0:01:22]} 14. bxc3 {[%emt 0:00:20]} Nd7 {[%emt 0:01:12]} 15. c5 {[%emt 0:05:06]} Qc7 {[%emt 0:01:50]} 16. Bd2 {[%emt 0:02:03]} Nf8 {[%emt 0:00:36]} 17. f4 {[%emt 0:04:21]} Bg4 {[%emt 0:16:48]} 18. Rf2 {[%emt 0:05:23]} g6 {[%emt 0:26:15]} 19. f5 {[%emt 0:02:46]} Kg7 {[%emt 0:08:37]} 20. Raf1 {[%emt 0:01:08]} Qd7 {[%emt 0:05:58]} 21. fxg6 {[%emt 0:01:19]} fxg6 {[%emt 0:01:09]} 22. Rxf6 {[%emt 0:01:18]} Re6 {[%emt 0:00:50]} 23. Rf7+ {[%emt 0:03:11]} Qxf7 {[%emt 0:00:10]} 24. Bh6+ {[%emt 0:00:20]} Kg8 {[%emt 0:00:22]} 25. Rxf7 {[%emt 0:00:06]} Kxf7 {[%emt 0:00:21]} 26. Bc4 {[%emt 0:00:16]} Bf5 {[%emt 0:01:45]} 27. Qb3 {[%emt 0:00:38]} Rb8 {[%emt 0:01:35]} 28. Bxf8 {[%emt 0:01:07]} Rxf8 {[%emt 0:00:41]} 29. Qxb7+ {[%emt 0:00:39]} Kf6 {[%emt 0:00:04]} 30. Bxe6 {[%emt 0:00:12]} 1-0